000 00440nam a2200145Ia 4500
008 191111s9999 xx 000 0 und d
020 _a9781285450049
100 _aMaag, John W.
245 _cJohn W. Maag.--
_aBehavior management :
_bfrom theoretical implications /
250 _a3rd
260 _aUSA :
_bCengage Learning
_c2018
300 _axxi, 372 pages.
650 _aBehavior modification
650 _aProblem children -- education
999 _c362569
_d362569